书目信息 |
| 书名: | the meaning of revelation | |
| 作者: | ||
| 分册号: | ||
| 分册名: | 出版地: | New York : |
|
| 出版社: | macmillan publishing company | |
| 出版时间: | 1960. | |
| 页数: | 144 p. ; | |
| 开本: | 19cm. | |
| 丛书名: | ||
| 中图分类号: | ||
| 科图分类号: | ||
| 其他分类号: | B91 | |
| 主题词: | ||
| 电子资源: | ||
| 000 | 00409nam 2200157 a 4500 | |
| 001 | E0735994934 | |
| 005 | 20070711111944.48 | |
| 008 | 070711s1960 00010 eng | |
| 020 | @a0-02-087750-1. | |
| 040 | @aPFT@beng | |
| 090 | @aB91 | |
| 099 | @dB91@ex57 | |
| 245 | @athe meaning of revelation. | |
| 260 | @aNew York :@bmacmillan publishing company,@c1960. | |
| 300 | @a144 p. ;@c19cm. | |
| 700 | @aNIebuhr, H.Richard | |
| the meaning of revelation.-New York : : macmillan publishing company, , 1960. |
| 144 p. ; ; 19cm. |
| ISBN 0-02-087750-1. |
| ● |
| 相关链接 |
|
|
|
|
正题名:the meaning of revelation
索取号:B91/x57
 
预约/预借
| 序号 | 登录号 | 条形码 | 馆藏地/架位号 | 状态 | 备注 |
| 1 | 0011898 | 300118986 | 第二样本阅览室/ [索取号:B91/x57] | 在馆 |